000
00284nam a2200121Ia 4500
008
191201s2009 xx 000 0 und d
100
_a
ROBBINS,Stephen P
245
0
_a
Organizational Behavior
260
_a
N. delhi
_b
PHI
_c
2009
300
_a
716
650
_a
BBA
942
_2
ddc
_c
BK
_0
10
999
_c
6580
_d
6580